[Event "Challenge"]
[Site "http://www.queenalice.com/game.php?id=861772"]
[Date "2010.11.21"]
[Round "-"]
[White "SunKite"]
[Black "sirdal"]
[Result "0-1"]
[WhiteElo "1526"]
[BlackElo "1225"]

1. c3 e5 2. e3 d5 3. Be2 Be6 4. Nf3 Bd6 5. Ng5 Qxg5 6. Rg1 Ne7 7. g3 Nd7 8. h4
Qf5 9. Qa4 Qh3 10. Bf1 Qh2 11. Rg2 Qh1 12. Na3 Bh3 13. Ke2 Bxg2 14. Bxg2 Qxg2
15. Nb5 Nc6 16. b4 e4 17. Bb2 O-O 18. Na3 a6 19. Nc2 b5 20. Qb3 a5 21. Ne1 Qh3
22. Qxd5 Nde5 23. Qxe4 axb4 24. cxb4 Nxb4 25. Nf3 Nxf3 26. Qxf3 f6 27. Rh1 Qe6
28. a3 Nd5 29. Bd4 c5 30. Bb2 Be5 31. Rb1 b4 32. axb4 cxb4 33. d4 Bd6 34. Bc1
Nc3+ 35. Kf1 Nxb1 36. d5 Qe5 37. e4 Ra1 38. Bf4 Nd2+ 39. Kg2 Nxf3 40. Kxf3 Qc3+
41. Be3 Re1 42. h5 Qc2 43. g4 Qe2+ 44. Kg2 Rf1 45. e5 Bxe5 46. d6 Bxd6 47. h6
gxh6 48. g5 fxg5 49. Bxg5 Qxf2+ 50. Kh3 Qg3# 0-1

[Event "AUTO-BEG-441"]
[Site "http://www.queenalice.com/game.php?id=861889"]
[Date "2010.11.21"]
[Round "1"]
[White "sirdal"]
[Black "castropereira"]
[Result "1-0"]
[WhiteElo "1278"]
[BlackElo "1304"]

1. d4 d5 2. e4 dxe4 3. d5 a5 4. Bb5+ c6 5. dxc6 bxc6 6. Qxd8+ Kxd8 7. Be2 Nf6 8.
Bd2 Ra6 9. Nc3 Rb6 10. Na4 Rxb2 11. Nxb2 e6 12. Bc4 h5 13. Ne2 Nbd7 14. Bxa5+
Ke8 15. O-O Nc5 16. Bb4 Nb7 17. Bc3 h4 18. h3 Nc5 19. Rad1 Nd5 20. Bd4 Nc7 21.
a4 Rh5 22. a5 Rf5 23. g3 Rf3 24. Rde1 Ra3 25. Bc3 hxg3 26. fxg3 e5 27. Bb4 Rxg3+
28. Nxg3 Bxh3 29. Rf2 f6 30. Nf5 Bxf5 31. Rxf5 Be7 32. Rh5 g6 33. Rh8+ Kd7 34.
Rd1+ Bd6 35. Bxc5 f5 36. Rxd6+ Ke7 37. Rh7+ Kf8 38. Rd8# 1-0

[Event "AUTO-BEG-441"]
[Site "http://www.queenalice.com/game.php?id=861890"]
[Date "2010.11.21"]
[Round "1"]
[White "castropereira"]
[Black "sirdal"]
[Result "0-1"]
[WhiteElo "1320"]
[BlackElo "1266"]

1. e4 d5 2. exd5 Qxd5 3. Bd3 Bf5 4. c4 Qe6+ 5. Be2 Bg4 6. Nf3 Nf6 7. h3 Bh5 8.
g4 Bg6 9. Nh4 Bd3 10. Nc3 Qxc4 11. Rf1 g5 12. Nf3 Bh6 13. b3 Qa6 14. Bxd3 Qxd3
15. Nb1 Nc6 16. a3 O-O 17. a4 Rad8 18. b4 Ne4 19. Ra3 Qxb1 20. Re3 Qxb4 21. Rxe4
Qxe4+ 22. Qe2 Qc2 23. Rg1 Qxc1+ 24. Qd1 Qc4 25. Nh2 e5 26. Rg3 e4 27. Rc3 Qd5
28. Rc1 Bg7 29. Nf1 Bb2 30. Rb1 Qd4 31. Rxb2 Qxb2 32. Ng3 Rfe8 33. Nf5 Re5 34.
Nh6+ Kf8 35. Nf5 Nd4 36. Nxd4 Qxd4 37. Qe2 e3 38. d3 Qa1+ 39. Qd1 Qc3+ 40. Kf1
Rxd3 41. Qe2 Rd2 42. Qe1 Qd3+ 43. Kg2 Rxf2+ 44. Qxf2 exf2 45. Kxf2 Re2+ 46. Kf1
Qd1# 0-1

[Event "Challenge"]
[Site "http://www.queenalice.com/game.php?id=865617"]
[Date "2010.11.29"]
[Round "-"]
[White "sirdal"]
[Black "orlando"]
[Result "0-1"]
[WhiteElo "1307"]
[BlackElo "1503"]

1. d4 g6 2. e4 Bg7 3. c3 b6 4. b4 Bb7 5. a4 Bxe4 6. Nd2 Bb7 7. Bd3 Bxg2 8. f3
Bxh1 9. Be4 c6 10. d5 Bxc3 11. Rb1 e6 12. Bb2 Qf6 13. Qc2 Bxb2 14. Rxb2 Qh4+ 15.
Kf1 Nh6 16. h3 Nf5 17. Bxf5 gxf5 18. Qc3 Rg8 19. dxe6 fxe6 20. b5 Bg2+ 21. Ke2
Bxh3 22. Nxh3 Qxh3 23. Ke3 cxb5 24. axb5 Rg1 25. Qh8+ Ke7 26. Qc3 Re1+ 27. Kd3
Qg3 28. Qb4+ d6 29. Kc2 Nd7 30. Rb3 Rc8+ 31. Rc3 Nc5 32. Qa3 Ra8 33. Re3 Rxe3
34. Qxe3 Rc8 35. Qc3 Qe5 36. Qb4 Na6+ 37. Qc4 Rxc4+ 38. Nxc4 Qe2+ 39. Kc3 Qxf3+
40. Kd4 Qd5+ 41. Kc3 Qxb5 42. Kd4 Qd5+ 43. Kc3 f4 44. Kb3 f3 45. Kc2 Qxc4+ 46.
Kd1 Qe4 47. Kc1 f2 48. Kd1 f1=Q+ 49. Kd2 Qff3 50. Kc1 Qee2 51. Kb1 Qff1# 0-1

[Event "Challenge"]
[Site "http://www.queenalice.com/game.php?id=867148"]
[Date "2010.12.3"]
[Round "-"]
[White "gabriellima"]
[Black "sirdal"]
[Result "0-1"]
[WhiteElo "1274"]
[BlackElo "1272"]

1. e4 d5 2. Nc3 d4 3. Nd5 c6 4. Bc4 cxd5 5. Bxd5 e6 6. Nf3 exd5 7. Ne5 Be6 8.
Qf3 Nf6 9. c4 dxe4 10. Qf4 Bxc4 11. Nxc4 b5 12. Qe5+ Be7 13. O-O Nbd7 14. Qxd4
O-O 15. Ne3 a5 16. Nd5 Bc5 17. Nxf6+ gxf6 18. Qxe4 Ne5 19. d4 Bxd4 20. Bh6 Re8
21. Qh4 Ng6 22. Qg4 Rc8 23. Rfd1 Rc4 24. h4 Re5 25. h5 Rg5 26. Qf3 Rd5 27. hxg6
fxg6 28. b3 Rc3 29. Qe4 f5 30. Qe6+ Kh8 31. Qf7 Rc7 32. Qf8+ Qxf8 33. Bxf8 Rcd7
34. g3 Bxa1 35. Rxa1 Kg8 36. Bh6 Rd1+ 37. Rxd1 Rxd1+ 38. Kg2 Ra1 39. Bd2 Rxa2
40. Be3 Ra3 0-1

[Event "Challenge"]
[Site "http://www.queenalice.com/game.php?id=869723"]
[Date "2010.12.9"]
[Round "-"]
[White "sirdal"]
[Black "mickeymouse"]
[Result "1-0"]
[WhiteElo "1297"]
[BlackElo "1293"]

1. d4 Nf6 2. f3 e6 3. e4 d5 4. e5 Nfd7 5. c3 Be7 6. f4 g5 7. fxg5 Rg8 8. h4 Nc6
9. g4 a6 10. Bd3 Rg7 11. Bf4 Nb6 12. Ne2 Qd7 13. Qd2 Na5 14. b3 c6 15. b4 Nbc4
16. Qc2 Qc7 17. a3 b6 18. Nd2 Nb7 19. Nxc4 dxc4 20. Bxc4 b5 21. Bd3 a5 22. Rf1
a4 23. Bxh7 Qb6 24. h5 Bxg5 25. h6 Bh4+ 26. Bg3 Rxg4 27. Bxh4 Rxh4 28. Qd2 c5
29. bxc5 Qa5 30. Rb1 Bd7 31. Bd3 Bc6 32. Rb4 Rg4 33. h7 Rh4 34. Qg5 Rh3 35. Bc2
Qd8 36. Qg8+ Ke7 37. Qxf7# 1-0

[Event "Challenge"]
[Site "http://www.queenalice.com/game.php?id=870824"]
[Date "2010.12.12"]
[Round "-"]
[White "sirdal"]
[Black "jamba"]
[Result "0-1"]
[WhiteElo "1254"]
[BlackElo "1246"]

1. d4 d5 2. Nc3 e6 3. f3 Nf6 4. e3 c5 5. dxc5 Bxc5 6. Nge2 Nc6 7. a3 d4 8. exd4
Bb6 9. b4 Nxd4 10. Be3 O-O 11. Bxd4 Bxd4 12. Nxd4 e5 13. Ndb5 Qb6 14. Qd3 Re8
15. Be2 e4 16. fxe4 Ng4 17. Bxg4 Bxg4 18. h3 Rad8 19. Nd5 Rxd5 20. Qxd5 Qe3+ 21.
Kf1 Be2+ 22. Ke1 Bxb5+ 23. Kd1 Be2+ 24. Ke1 Bc4+ 25. Kd1 Bxd5 26. Re1 Qd4+ 27.
Ke2 Rxe4+ 28. Kf3 Rxe1+ 29. Kg3 Re3+ 30. Kh2 Qxa1 31. b5 Qe5+ 32. g3 Re2+ 33.
Kg1 Qa1# 0-1

[Event "AUTO-OPEN-2198"]
[Site "http://www.queenalice.com/game.php?id=872994"]
[Date "2010.12.17"]
[Round "1"]
[White "SVatrachki"]
[Black "sirdal"]
[Result "1-0"]
[WhiteElo "1534"]
[BlackElo "1345"]

1. e4 d5 2. exd5 Qxd5 3. Nc3 Qe5+ 4. Be2 Bf5 5. Nf3 Qe6 6. Nd4 Qg6 7. Nxf5 Nd7
8. Bd3 Qe6+ 9. Qe2 Qxe2+ 10. Nxe2 Ngf6 11. O-O e6 12. Nfd4 Bc5 13. Nb5 O-O-O 14.
a3 Nd5 15. b4 Bb6 16. c4 Ne7 17. c5 Nxc5 18. bxc5 Bxc5 19. Bb2 f6 20. Bd4 Bxd4
21. Nexd4 e5 22. Bf5+ Nxf5 23. Nxf5 a6 24. Nc3 g6 25. Ne7+ Kd7 26. Ned5 Ke6 27.
f4 c6 28. Nb4 a5 29. Nba2 h5 30. Rae1 Rhe8 31. fxe5 fxe5 32. Rf2 b5 33. Rd1 Kd6
34. Ne4+ Ke6 35. Rf6+ Kd5 36. Nf2 g5 37. Rg6 g4 38. Rc1 c5 39. Nc3+ Kc4 40. d3+
Kd4 41. Nxb5+ Ke3 42. Kf1 Rf8 43. Re1+ Kd2 44. Re2+ Kc1 45. Rc6 Rd5 46. Ke1 Rb8
47. a4 Rb7 48. Ra2 Rbd7 49. Na3 e4 50. Rb6 exd3 51. Rb1# 1-0

[Event "AUTO-OPEN-2198"]
[Site "http://www.queenalice.com/game.php?id=872995"]
[Date "2010.12.17"]
[Round "1"]
[White "sirdal"]
[Black "SVatrachki"]
[Result "0-1"]
[WhiteElo "1356"]
[BlackElo "1525"]

1. b4 d5 2. d4 e5 3. c3 e4 4. e3 f5 5. Bb5+ c6 6. Ba4 b5 7. Bb3 g5 8. Ba3 g4 9.
Qc2 h5 10. Nd2 a5 11. Qb2 a4 12. Bc2 h4 13. Ne2 Bd6 14. O-O-O Qg5 15. f3 g3 16.
hxg3 Bxg3 17. f4 Qg4 18. Nxg3 Qxg3 19. Rhg1 Qxe3 20. Rgf1 Nf6 21. Qa1 Be6 22.
Qb2 Bf7 23. Rde1 Qg3 24. Re2 Ng4 25. Kb1 Ne3 26. Nxe4 dxe4 27. Rfe1 Nxc2 28.
Rxc2 Qxe1+ 29. Rc1 Qg3 30. Qd2 Nd7 31. Bb2 Nb6 32. Re1 Nc4 33. Qc1 Qxg2 34. Rg1
Qh2 35. Rg5 Qxb2+ 36. Qxb2 Nxb2 37. Kxb2 h3 38. Rxf5 O-O-O 39. Rxf7 h2 40. Rf6
Kc7 41. Rf7+ Kb6 42. Re7 Rde8 43. Rxe8 h1=Q 44. Rxh8 Qxh8 45. Kc2 Qh2+ 46. Kb1
Qxf4 47. a3 e3 48. d5 e2 49. d6 e1=Q+ 50. Kc2 Qfd2# 0-1

[Event "AUTO-OPEN-2198"]
[Site "http://www.queenalice.com/game.php?id=873022"]
[Date "2010.12.17"]
[Round "1"]
[White "Entrenador"]
[Black "sirdal"]
[Result "1-0"]
[WhiteElo "1816"]
[BlackElo "1297"]

1. e4 d5 2. exd5 Qxd5 3. Nc3 Qe6+ 4. Be2 Bd7 5. Nf3 Nc6 6. O-O g6 7. d4 Bg7 8.
d5 Qd6 9. dxc6 Bxc6 10. Qxd6 exd6 11. Bb5 Bxb5 12. Nxb5 O-O-O 13. Nxa7+ Kb8 14.
Nb5 c6 15. Nxd6 Rxd6 16. Bf4 Kc7 17. Rad1 Bf8 18. Ng5 Kd7 19. Bxd6 Bxd6 20. Nxf7
Ke6 21. Nxh8 Nf6 22. Rfe1+ Kd7 23. Nf7 Nd5 24. Nxd6 Kxd6 25. c4 h5 26. cxd5 cxd5
27. f4 Kc5 28. Re5 Kc4 29. Rexd5 b6 30. R1d4# 1-0

[Event "AUTO-OPEN-2198"]
[Site "http://www.queenalice.com/game.php?id=873023"]
[Date "2010.12.17"]
[Round "1"]
[White "sirdal"]
[Black "Entrenador"]
[Result "0-1"]
[WhiteElo "1356"]
[BlackElo "2001"]

1. d4 Nf6 2. f3 c5 3. dxc5 Nc6 4. Be3 e5 5. Nd2 b6 6. cxb6 d5 7. bxa7 d4 8. Bg5
Bf5 9. g4 Be6 10. Ne4 Qa5+ 11. Bd2 Bb4 12. c3 dxc3 13. bxc3 Nxe4 14. fxe4 Bxc3
15. Bxc3 Qxc3+ 16. Kf2 Qc5+ 17. e3 Rxa7 18. a3 Rxa3 19. Rxa3 Qxa3 20. Bb5 Qc5
21. Qd3 O-O 22. g5 Nb4 23. Qf1 f5 24. gxf6 Rxf6+ 25. Nf3 Bg4 26. Be2 Nd3+ 27.
Bxd3 Rxf3+ 28. Ke1 Qxe3+ 29. Qe2 Qc1+ 30. Qd1 Re3+ 31. Kf2 Bxd1 32. Rxd1 Qxd1
33. Kxe3 Kf7 34. Bc4+ Kf6 35. Bg8 Qd4+ 36. Kf3 Qd3+ 37. Kf2 Kg5 38. Bxh7 Kf4 39.
Bf5 Qd2+ 40. Kg1 Kf3 41. Bh3 Qe1+ 42. Bf1 Qf2+ 43. Kh1 g5 44. Bg2+ Kg4 45. h3+
Kg3 46. h4 Kxh4 47. Kh2 Qxg2+ 48. Kxg2 Kg4 49. Kf2 Kf4 50. Ke2 Kxe4 51. Kf2 Kd3
52. Kf3 e4+ 53. Kg4 e3 54. Kxg5 e2 55. Kf5 e1=R 56. Kf6 Kd4 57. Kf5 Re4 58. Kf6
Re5 59. Kg6 Ke4 60. Kf6 Kf4 61. Kf7 Kg5 62. Kf8 Kg6 63. Kg8 Re8# 0-1

[Event "AUTO-OPEN-2198"]
[Site "http://www.queenalice.com/game.php?id=873042"]
[Date "2010.12.17"]
[Round "1"]
[White "sirdal"]
[Black "casefoncz"]
[Result "1-0"]
[WhiteElo "1342"]
[BlackElo "1882"]

1. d4 Nf6 2. f3 d5 3. h3 Nh5 4. g4 Ng3 5. Rh2 Nxf1 6. Kxf1 Qd6 7. Rf2 Nc6 8. e3
e5 9. dxe5 Nxe5 10. f4 Nc4 11. b3 Nb6 12. Bd2 h5 13. g5 Bf5 14. Nc3 a6 15. h4
Qg6 16. Nf3 Bg4 17. Rc1 1-0

[Event "AUTO-OPEN-2198"]
[Site "http://www.queenalice.com/game.php?id=873043"]
[Date "2010.12.17"]
[Round "1"]
[White "casefoncz"]
[Black "sirdal"]
[Result "1-0"]
[WhiteElo "1891"]
[BlackElo "1335"]

1. e4 d5 2. exd5 Qxd5 3. Nc3 Qe6+ 4. Be2 b6 5. Nf3 f6 6. O-O Bb7 7. d3 g5 8. Nd4
Qd7 9. Bh5+ Kd8 10. Be3 Nc6 11. Bg4 Qd6 12. Ne6+ Ke8 13. Nb5 Qd7 14. Bh5# 1-0

[Event "Challenge"]
[Site "http://www.queenalice.com/game.php?id=897168"]
[Date "2011.2.7"]
[Round "-"]
[White "sirdal"]
[Black "orlando"]
[Result "1-0"]
[WhiteElo "1319"]
[BlackElo "1617"]

1. d4 g6 2. e4 b6 3. c4 Bg7 4. Be3 Bb7 5. Nc3 Nf6 6. Bd3 O-O 7. f3 e6 8. Nge2 a5
9. a4 d5 10. b3 dxe4 11. fxe4 Nxe4 12. Bxe4 Bxe4 13. Nxe4 Nc6 14. Rc1 f5 15. Ng5
Nxd4 16. Nxd4 Bxd4 17. Qxd4 Qe7 18. O-O Rad8 19. Qh4 Rfe8 20. Qh6 Rd7 21. Bf2
Qb4 22. Rb1 Ree7 23. Rfe1 e5 24. Qh3 e4 25. Re3 Re5 26. Qg3 Re8 27. h4 Red8 28.
Be1 Qc5 29. Ne6 Qd6 30. Nf4 Qe7 31. h5 Rd6 32. Nd5 Rxd5 33. cxd5 Rxd5 34. hxg6
hxg6 35. Qxg6+ Qg7 36. Qc6 Rd6 37. Qc4+ Kh7 38. Rh3+ Rh6 39. Rxh6+ Qxh6 40.
Qxc7+ Kg6 41. Rd1 Kh5 42. Qh2+ 1-0

[Event "AUTO-BEG-441"]
[Site "http://www.queenalice.com/game.php?id=912793"]
[Date "2011.3.15"]
[Round "2"]
[White "Flamengo"]
[Black "sirdal"]
[Result "1-0"]
[WhiteElo "1728"]
[BlackElo "1383"]

1. e4 e5 2. Nf3 f6 3. d4 Bb4+ 4. Bd2 Bxd2+ 5. Nbxd2 d6 6. Bc4 Ne7 7. dxe5 dxe5
8. O-O c5 9. c3 a6 10. Qb3 b5 11. Bf7+ Kf8 12. Bh5 Ng6 13. a4 bxa4 14. Qd5 Qxd5
15. exd5 Bd7 16. Bxg6 hxg6 17. c4 a5 18. Ne4 Na6 19. Rfb1 Kf7 20. b3 Nb4 21.
Nxc5 Bf5 22. Rb2 g5 23. Rxa4 Kg6 24. Nb7 Bd7 25. Rxa5 Rxa5 26. Nxa5 Nd3 27. Rd2
Nc5 28. b4 Ne4 29. Rb2 Nd6 30. c5 Nb5 31. Nd2 Rh4 32. f3 Rd4 33. d6 Kf5 34. Ne4
g4 35. c6 Be8 36. d7 Bxd7 37. cxd7 Rxd7 38. Rd2 Rxd2 39. Nxd2 gxf3 40. Nxf3 e4
41. Ne1 Kf4 42. Nc4 g5 43. Nc2 g4 44. N2a3 Nc7 45. b5 e3 46. b6 Na6 47. Nc2 e2
48. Kf2 1-0

[Event "AUTO-BEG-441"]
[Site "http://www.queenalice.com/game.php?id=912794"]
[Date "2011.3.15"]
[Round "2"]
[White "sirdal"]
[Black "Flamengo"]
[Result "0-1"]
[WhiteElo "1381"]
[BlackElo "1730"]

1. d4 d5 2. f4 Nc6 3. c3 Bf5 4. Nd2 f6 5. g3 e5 6. dxe5 fxe5 7. fxe5 Nxe5 8.
Ndf3 Nxf3+ 9. Nxf3 Nf6 10. h3 Be4 11. Bg2 Bc5 12. Qa4+ c6 13. b4 Bd6 14. Bf4
Bxf4 15. gxf4 O-O 16. O-O Nh5 17. e3 Qb6 18. Nd4 Ng3 19. Rf2 Bxg2 20. Kxg2 Ne4
21. Rc2 a5 22. bxa5 Rxa5 23. Qb4 Qxb4 24. cxb4 Ra3 25. Nb3 Rfa8 26. Kf3 Kf7 27.
Nc5 Nxc5 28. Rxc5 Rxa2 29. Rxa2 Rxa2 30. h4 Rb2 31. b5 Rxb5 32. Rc1 Rb3 33. Re1
d4 34. Ke4 Rxe3+ 35. Rxe3 dxe3 36. Kxe3 Ke6 37. Kd4 Kd6 38. Kc4 b5+ 39. Kb4 Kd5
40. h5 Ke4 41. Kc5 Kxf4 42. Kxc6 b4 43. Kd6 b3 44. Ke6 Kg5 45. Kf7 Kxh5 46. Kxg7
b2 0-1

[Event "AUTO-BEG-441"]
[Site "http://www.queenalice.com/game.php?id=912797"]
[Date "2011.3.15"]
[Round "2"]
[White "sirdal"]
[Black "Sportolna"]
[Result "1-0"]
[WhiteElo "1366"]
[BlackElo "1380"]

1. d4 d5 2. f4 Bf5 3. e3 Nf6 4. h3 Ne4 5. Ne2 c5 6. Nbc3 cxd4 7. Nxd4 Nxc3 8.
Qd2 Ne4 9. Qd3 g6 10. Nxf5 gxf5 11. Qb5+ Qd7 12. Qxd7+ Nxd7 13. Bd3 Ng3 14. Rg1
e5 15. Bd2 exf4 16. exf4 Bc5 17. O-O-O Bxg1 18. Rxg1 Nc5 19. Bb5+ Kf8 20. Bb4 b6
21. Rd1 a5 22. Bc3 Rg8 23. Rxd5 Ke7 24. Re5+ Kd6 25. a4 Nd7 26. Re3 Nf6 27. Bxf6
Nh5 28. Bf1 Nxf6 29. Rd3+ Kc7 30. b3 Rae8 31. Kb2 Re1 32. Rc3+ Kb8 33. Bc4 Rxg2
34. Bd3 Rg3 35. Bxf5 Rxc3 36. Kxc3 Rf1 37. Bd3 Rxf4 38. Bc4 Ne4+ 39. Kd3 Nf2+
40. Ke3 Rf6 41. h4 Nh3 42. Bd3 Rh6 43. c4 Rxh4 44. Kf3 Rh6 45. Kg3 1-0

[Event "AUTO-BEG-441"]
[Site "http://www.queenalice.com/game.php?id=912798"]
[Date "2011.3.15"]
[Round "2"]
[White "Sportolna"]
[Black "sirdal"]
[Result "1-0"]
[WhiteElo "1626"]
[BlackElo "1372"]

1. e4 e5 2. Qh5 Nf6 3. Qxe5+ Be7 4. Qg3 Nxe4 5. Qxg7 Rf8 6. Qxh7 Bg5 7. Qxe4+
Be7 8. d4 d5 9. Qh7 Be6 10. Bh6 Kd7 11. Bxf8 Bxf8 12. Nf3 Nc6 13. Bb5 a6 14.
Bxc6+ bxc6 15. Ne5+ Ke7 16. Nxc6+ Kd6 17. Na5 Qb8 18. Nb3 c6 19. O-O Qb7 20. Nc3
Be7 21. Rfb1 f5 22. Nc5 Qc8 23. Ne2 Kc7 24. Nf4 Qg8 25. Qxe7+ Kb6 26. Qb7+ Ka5
27. b4# 1-0

[Event "Challenge"]
[Site "http://www.queenalice.com/game.php?id=914139"]
[Date "2011.3.18"]
[Round "-"]
[White "orlando"]
[Black "sirdal"]
[Result "0-1"]
[WhiteElo "1657"]
[BlackElo "1335"]

1. g3 e5 2. Bg2 c6 3. b3 d5 4. Bb2 Bd6 5. e3 f6 6. Nf3 g5 7. O-O e4 8. Nd4 g4 9.
Nc3 f5 10. a4 a5 11. d3 h5 12. dxe4 fxe4 13. Nde2 Nf6 14. Nb1 c5 15. c4 Be6 16.
cxd5 Bxd5 17. Nec3 Be5 18. Ra2 Nc6 19. Nxd5 Bxb2 20. Nxf6+ Qxf6 21. Bxe4 Be5 22.
Bg2 Rd8 23. Qc2 b6 24. Bxc6+ Qxc6 25. Nd2 h4 26. Ne4 h3 27. Ng5 Qg2# 0-1